[Event "Mecklenburg VP Verbandsliga 2223"]
[Site "Mecklenburg VP"]
[Date "2023.03.19"]
[Round "7.7"]
[White "Gazizova, Alina"]
[Black "Winkler, Karl"]
[Result "0-1"]
[WhiteElo "1529"]
[BlackElo "1895"]
[PlyCount "98"]
[EventDate "2022.10.23"]
[EventType "team-tourn"]
[EventRounds "9"]
[EventCountry "GER"]
[SourceTitle "EXT 2024"]
[Source "ChessBase"]
[SourceDate "2023.10.10"]
[SourceVersion "1"]
[SourceVersionDate "2023.10.10"]
[SourceQuality "1"]
[WhiteTeam "Think Rochade"]
[BlackTeam "Neubrandenburg SG Eintracht"]
[WhiteTeamCountry "GER"]
[BlackTeamCountry "GER"]

1. d4 Nf6 2. Bf4 e6 3. e3 c5 4. c3 d5 5. Nf3 Nc6 6. Bd3 Be7 7. Nbd2 c4 8. Bc2 b5 9. Ne5 Nxe5 10. Bxe5 Bd6 11. 0-0 Bxe5 12. dxe5 Nd7 13. f4 Qe7 14. Kh1 Bb7 15. e4 Nc5 16. Qe2 dxe4 17. Nxe4 Bxe4 18. Bxe4 Nxe4 19. Qxe4 0-0 20. Rad1 Rad8 21. h3 Qc5 22. Rd4 Rxd4 23. cxd4 Qd5 24. Qxd5 exd5 25. Rf3 b4 26. Kg1 Rc8 27. Rf1 Kf8 28. Kf2 c3 29. bxc3 Rxc3 30. Rb1 a5 31. Rb2 Rd3 32. Rc2 Rxd4 33. g3 Rc4 34. Rd2 d4 35. Kf3 Rc3+ 36. Ke4 Rxg3 37. Rxd4 Rxh3 38. Rd8+ Ke7 39. Ra8 Ra3 40. Ra7+ Ke8 41. Ra8+ Kd7 42. Ra7+ Kc6 43. Rxf7 Rxa2 44. e6 b3 45. e7 Kd7 46. Rxg7 b2 47. e8Q+ Kxe8 48. Rb7 Ra4+ 49. Kd3 Rb4 0-1

[Event "Mecklenburg VP Verbandsliga 2223"]
[Site "Mecklenburg VP"]
[Date "2023.02.26"]
[Round "6.7"]
[White "Scharf, Christian"]
[Black "Gazizova, Alina"]
[Result "1-0"]
[WhiteElo "1336"]
[BlackElo "1529"]
[PlyCount "103"]
[EventDate "2022.10.23"]
[EventType "team-tourn"]
[EventRounds "9"]
[EventCountry "GER"]
[SourceTitle "EXT 2024"]
[Source "ChessBase"]
[SourceDate "2023.10.10"]
[SourceVersion "1"]
[SourceVersionDate "2023.10.10"]
[SourceQuality "1"]
[WhiteTeam "Guestrow/Teterow"]
[BlackTeam "Think Rochade"]
[WhiteTeamCountry "GER"]
[BlackTeamCountry "GER"]

1. e4 c5 2. Nc3 Nc6 3. Nge2 e6 4. g3 g6 5. Bg2 Bg7 6. 0-0 a6 7. d3 Nge7 8. Be3 d6 9. Qd2 0-0 10. Bh6 Rb8 11. Bxg7 Kxg7 12. f4 Qc7 13. h3 b5 14. g4 b4 15. Nd1 f5 16. Ne3 a5 17. Ng3 Bd7 18. Rae1 a4 19. gxf5 exf5 20. exf5 Bxf5 21. Nexf5+ Nxf5 22. Nxf5+ Rxf5 23. Be4 Rf6 24. f5 Rbf8 25. Qg5 Ne7 26. fxg6 Rxf1+ 27. Rxf1 Rxf1+ 28. Kxf1 Nxg6 29. h4 Qf7+ 30. Ke2 Qe7 31. a3 d5 32. Qxe7+ Nxe7 33. Bf3 Kf6 34. c3 bxa3 35. bxa3 Ke5 36. Bg4 Kd6 37. d4 Nc6 38. Ke3 cxd4+ 39. cxd4 Na5 40. Bd1 Nc4+ 41. Kf4 Ke6 42. Kg5 Kf7 43. h5 Kg7 44. h6+ Kf7 45. Bc2 Kg8 46. Kf6 Nxa3 47. Bxa4 Nc4 48. Ke6 Ne3 49. Bb3 Ng4 50. Bxd5 Nxh6 51. Ke7+ Kg7 52. Be6 1-0

[Event "Mecklenburg VP Verbandsliga 2223"]
[Site "Mecklenburg VP"]
[Date "2022.12.11"]
[Round "4.8"]
[White "Gazizova, Alina"]
[Black "Junggebauer, Thomas"]
[Result "1/2-1/2"]
[WhiteElo "1529"]
[BlackElo "1971"]
[PlyCount "46"]
[EventDate "2022.10.23"]
[EventType "team-tourn"]
[EventRounds "9"]
[EventCountry "GER"]
[SourceTitle "EXT 2024"]
[Source "ChessBase"]
[SourceDate "2023.10.10"]
[SourceVersion "1"]
[SourceVersionDate "2023.10.10"]
[SourceQuality "1"]
[WhiteTeam "Think Rochade"]
[BlackTeam "Wismar ASV Gruen-Weiss"]
[WhiteTeamCountry "GER"]
[BlackTeamCountry "GER"]

1. d4 e6 2. Bf4 Nf6 3. e3 b6 4. Nf3 Bb7 5. Bd3 c5 6. c3 Be7 7. h3 0-0 8. 0-0 d5 9. Nbd2 Nbd7 10. Qb1 Rc8 11. e4 Nxe4 12. Nxe4 dxe4 13. Bxe4 Bxe4 14. Qxe4 Nf6 15. Qe2 Nd5 16. Bh2 Bf6 17. Rfe1 Qe7 18. Rac1 Rfd8 19. a3 h6 20. c4 Nc7 21. dxc5 Qxc5 22. b4 Qe7 23. Ne5 Bxe5 1/2-1/2

[Event "Mecklenburg VP Verbandsliga 2223"]
[Site "Mecklenburg VP"]
[Date "2022.11.06"]
[Round "2.7"]
[White "Walz, Fabian"]
[Black "Gazizova, Alina"]
[Result "1/2-1/2"]
[WhiteElo "1342"]
[BlackElo "1529"]
[PlyCount "104"]
[EventDate "2022.10.23"]
[EventType "team-tourn"]
[EventRounds "9"]
[EventCountry "GER"]
[SourceTitle "EXT 2024"]
[Source "ChessBase"]
[SourceDate "2023.10.10"]
[SourceVersion "1"]
[SourceVersionDate "2023.10.10"]
[SourceQuality "1"]
[WhiteTeam "Rostock SSC 07"]
[BlackTeam "Think Rochade"]
[WhiteTeamCountry "GER"]
[BlackTeamCountry "GER"]

1. e4 c5 2. c3 Nc6 3. d4 e6 4. Nf3 d5 5. Bd3 c4 6. Bc2 Be7 7. Bf4 Nf6 8. Nbd2 b5 9. a3 a5 10. 0-0 0-0 11. Bg5 h6 12. Bh4 Bb7 13. Re1 Nd7 14. exd5 Bxh4 15. dxc6 Bxc6 16. Nxh4 Qxh4 17. Be4 Rac8 18. Qf3 Bxe4 19. Nxe4 Rb8 20. Qg3 Qxg3 21. hxg3 Rfd8 22. Nd2 Nf6 23. a4 Rdc8 24. Reb1 b4 25. cxb4 Rxb4 26. Rc1 Nd5 27. Rc2 c3 28. bxc3 Rxc3 29. Rxc3 Nxc3 30. Kf1 Rxd4 31. Nb3 Rxa4 32. Rxa4 Nxa4 33. Nxa5 Nc5 34. Ke2 Kf8 35. Nc4 Ke7 36. Ke3 f6 37. Nd2 g6 38. Kd4 Nb7 39. f3 Nd6 40. g4 Nf7 41. Ne4 e5+ 42. Kd5 f5 43. gxf5 gxf5 44. Nc5 h5 45. g3 Ke8 46. Ke6 f4 47. gxf4 exf4 48. Kf5 Ke7 49. Nd3 Nd6+ 50. Kg5 Nc4 51. Nxf4 Ne5 52. Nxh5 Nxf3+ 1/2-1/2

[Event "Mecklenburg VP Verbandsliga 2122"]
[Site "Mecklenburg VP"]
[Date "2022.04.24"]
[Round "5.5"]
[White "Bauer, Norbert"]
[Black "Gazizova, Alina"]
[Result "1-0"]
[WhiteElo "2054"]
[BlackElo "1545"]
[PlyCount "89"]
[EventDate "2021.10.24"]
[EventType "team-tourn"]
[EventRounds "9"]
[EventCountry "GER"]
[SourceTitle "EXT 2024"]
[Source "ChessBase"]
[SourceDate "2023.10.10"]
[SourceVersion "1"]
[SourceVersionDate "2023.10.10"]
[SourceQuality "1"]
[WhiteTeam "Torgelow Droegeheide"]
[BlackTeam "Think Rochade"]
[WhiteTeamCountry "GER"]
[BlackTeamCountry "GER"]

1. d4 Nf6 2. c4 d6 3. Nc3 g6 4. e4 Bg7 5. Be2 0-0 6. Bg5 c5 7. d5 Na6 8. Qd2 Nc7 9. Nf3 Bd7 10. 0-0 a6 11. a4 Rb8 12. e5 Nfe8 13. Ne4 Bf5 14. exd6 Nxd6 15. Nxd6 Qxd6 16. Bf4 e5 17. dxe6 Qxd2 18. Nxd2 Nxe6 19. Bxb8 Rxb8 20. Nf3 Nf4 21. Rfe1 Bxb2 22. Ra2 Bc3 23. Rc1 Re8 24. Bf1 Bg7 25. Re1 Ne6 26. Nh4 Bd4 27. Nxf5 gxf5 28. Ra3 Kg7 29. Rf3 f4 30. Rxf4 Bc3 31. Rg4+ Kf6 32. Rc1 Bd4 33. Bd3 h5 34. Rh4 Kg5 35. g3 Kh6 36. Kg2 Rg8 37. Rb1 Bf6 38. Re4 Ng5 39. Ree1 Rd8 40. Bf1 Rd2 41. Rxb7 Bd4 42. Re2 Rd1 43. h4 Nh3 44. Rxf7 Nxf2 45. Re6+ 1-0

[Event "Mecklenburg VP Verbandsliga 2122"]
[Site "Mecklenburg VP"]
[Date "2022.04.03"]
[Round "8.6"]
[White "Streit, Bodo"]
[Black "Gazizova, Alina"]
[Result "1/2-1/2"]
[WhiteElo "1872"]
[BlackElo "1545"]
[PlyCount "21"]
[EventDate "2021.10.24"]
[EventType "team-tourn"]
[EventRounds "9"]
[EventCountry "GER"]
[SourceTitle "EXT 2024"]
[Source "ChessBase"]
[SourceDate "2023.10.10"]
[SourceVersion "1"]
[SourceVersionDate "2023.10.10"]
[SourceQuality "1"]
[WhiteTeam "Grevesmuehlen Blau Weiss"]
[BlackTeam "Think Rochade"]
[WhiteTeamCountry "GER"]
[BlackTeamCountry "GER"]

1. b4 Nf6 2. Bb2 d6 3. e3 g6 4. c4 Bg7 5. Nf3 0-0 6. Be2 e5 7. 0-0 Be6 8. d4 exd4 9. Nxd4 Nbd7 10. Nc3 Ne5 11. Nxe6 1/2-1/2

[Event "Mecklenburg VP LL (Women) 2021"]
[Site "Mecklenburg VP"]
[Date "2021.08.15"]
[Round "4.3"]
[White "Gazizova, Alina"]
[Black "Stepanjan, Marianne"]
[Result "0-1"]
[WhiteElo "1545"]
[BlackElo "1401"]
[PlyCount "92"]
[EventDate "2021.08.08"]
[EventType "team-tourn"]
[EventRounds "4"]
[EventCountry "GER"]
[SourceTitle "EXT 2024"]
[Source "ChessBase"]
[SourceDate "2023.10.10"]
[SourceVersion "1"]
[SourceVersionDate "2023.10.10"]
[SourceQuality "1"]
[WhiteTeam "Think Rochade (W) IV"]
[BlackTeam "Guestrow/Teterow (W) III"]
[WhiteTeamCountry "GER"]
[BlackTeamCountry "GER"]

1. d4 d5 2. Bf4 Nf6 3. e3 Bf5 4. Nf3 e6 5. c3 c5 6. Ne5 Nbd7 7. Nd2 Be7 8. Be2 0-0 9. 0-0 Ne4 10. Nxe4 Bxe4 11. Bd3 Bxd3 12. Nxd3 b5 13. Qg4 Nf6 14. Qe2 c4 15. Ne5 Qc8 16. Rac1 Ne4 17. f3 Nd6 18. Ng4 Qb7 19. Nf2 f5 20. Nh3 h6 21. Qf2 Rf6 22. Be5 Rf7 23. Nf4 Qd7 24. Qg3 Bf6 25. Qg6 Nc8 26. Nh5 Bg5 27. f4 Ne7 28. Qxg7+ Rxg7 29. fxg5 Rf7 30. gxh6 Ng6 31. Bg7 Qe7 32. Rf3 Qg5 33. Nf4 Nxf4 34. exf4 Qe7 35. Rg3 Kh7 36. Re1 Re8 37. Ree3 a5 38. Rg5 b4 39. Reg3 Qb7 40. Be5 bxc3 41. Rg7+ Rxg7 42. hxg7 cxb2 43. Rh3+ Kg6 44. Rh8 b1Q+ 45. Kf2 Q7b2+ 46. Kg3 Qe1+ 0-1

[Event "Mecklenburg VP LL (Women) 2021"]
[Site "Mecklenburg VP"]
[Date "2021.08.15"]
[Round "3.3"]
[White "Stepanjan, Marianne"]
[Black "Gazizova, Alina"]
[Result "0-1"]
[WhiteElo "1401"]
[BlackElo "1545"]
[PlyCount "72"]
[EventDate "2021.08.08"]
[EventType "team-tourn"]
[EventRounds "4"]
[EventCountry "GER"]
[SourceTitle "EXT 2024"]
[Source "ChessBase"]
[SourceDate "2023.10.10"]
[SourceVersion "1"]
[SourceVersionDate "2023.10.10"]
[SourceQuality "1"]
[WhiteTeam "Guestrow/Teterow (W) III"]
[BlackTeam "Think Rochade (W) IV"]
[WhiteTeamCountry "GER"]
[BlackTeamCountry "GER"]

1. e4 c5 2. Nf3 e6 3. d4 cxd4 4. Nxd4 a6 5. Nc3 Qc7 6. Be3 Nf6 7. Qd2 Bb4 8. f3 Nc6 9. a3 Be7 10. 0-0-0 d6 11. Qf2 b5 12. Nxc6 Qxc6 13. g4 Nd7 14. f4 Bb7 15. Bg2 Qc8 16. h4 Nc5 17. h5 Qc7 18. g5 Rc8 19. g6 f6 20. h6 Bf8 21. hxg7 Qxg7 22. Rxh7 Rxh7 23. gxh7 Qxh7 24. Rh1 Qg6 25. Bf3 Qg7 26. Bh5+ Kd8 27. Rg1 Qh8 28. Bg6 Rc7 29. b4 Nd7 30. Bb6 Nxb6 31. Qxb6 Qh2 32. Qe3 Bh6 33. Rg4 e5 34. Qg3 Bxf4+ 35. Qxf4 exf4 36. Kb2 Qd2 0-1

[Event "Regionalliga Nord 1718 (Women)"]
[Site "Germany"]
[Date "2018.02.18"]
[Round "5.2"]
[White "Niemoeller, Laura Marleen"]
[Black "Gazizova, Alina"]
[Result "0-1"]
[WhiteElo "1232"]
[BlackElo "1545"]
[PlyCount "120"]
[EventDate "2017.10.15"]
[EventType "team-tourn"]
[EventRounds "5"]
[EventCountry "GER"]
[SourceTitle "CBM 183 Extra"]
[Source "ChessBase"]
[SourceDate "2018.04.19"]
[SourceVersion "1"]
[SourceVersionDate "2018.04.19"]
[SourceQuality "1"]
[WhiteTeam "Wilstermarsch (W)"]
[BlackTeam "Ludwigslust (W)"]
[WhiteTeamCountry "GER"]
[BlackTeamCountry "GER"]

1. e4 c5 2. c3 e6 3. Bb5 a6 4. Bc4 b5 5. Bb3 c4 6. Bc2 Nc6 7. b3 Bb7 8. Nf3 Qc7 9. 0-0 Nf6 10. Qe2 cxb3 11. axb3 d6 12. d4 Be7 13. Be3 0-0 14. Nbd2 d5 15. Rfe1 dxe4 16. Nxe4 Nxe4 17. Bxe4 Rac8 18. Qc2 g6 19. Rec1 Bf6 20. g3 Ne7 21. Bf4 Qb6 22. Bxb7 Qxb7 23. Bd6 Qxf3 24. Rxa6 Rfd8 25. Bc5 Nd5 26. c4 bxc4 27. bxc4 Nc7 28. Ra3 Qf5 29. Rd3 e5 30. d5 Na6 31. Bb6 Rd6 32. c5 Rxb6 33. Qc3 Rxc5 34. Qd2 Rxc1+ 35. Kg2 Bg5 36. Qe2 Nb4 37. Rf3 Qd7 38. Qxe5 Qxd5 39. Qe8+ Kg7 40. h4 Bf6 41. Qe3 Rbc6 42. g4 R1c3 43. Qe2 Rxf3 44. Qxf3 Qxf3+ 45. Kxf3 Bxh4 46. Ke3 Rf6 47. f3 Nd5+ 48. Ke4 Nc3+ 49. Ke3 Bg5+ 50. Kf2 h5 51. gxh5 gxh5 52. Kg3 h4+ 53. Kg4 Kg6 54. Kh3 Rxf3+ 55. Kg4 Rf4+ 56. Kh3 Kh5 57. Kg2 Kg4 58. Kh2 Rf2+ 59. Kg1 Kg3 60. Kh1 Rf1# 0-1

[Event "Regionalliga Nord 1718 (Women)"]
[Site "Germany"]
[Date "2018.01.28"]
[Round "4.3"]
[White "Off, Karina"]
[Black "Gazizova, Alina"]
[Result "1-0"]
[WhiteElo "1772"]
[BlackElo "1545"]
[PlyCount "69"]
[EventDate "2017.10.15"]
[EventType "team-tourn"]
[EventRounds "5"]
[EventCountry "GER"]
[SourceTitle "CBM 183 Extra"]
[Source "ChessBase"]
[SourceDate "2018.04.19"]
[SourceVersion "1"]
[SourceVersionDate "2018.04.19"]
[SourceQuality "1"]
[WhiteTeam "Quickborn Holstein (W)"]
[BlackTeam "Ludwigslust (W)"]
[WhiteTeamCountry "GER"]
[BlackTeamCountry "GER"]

1. Nf3 Nf6 2. d4 g6 3. Nbd2 Bg7 4. e4 d6 5. Bc4 0-0 6. 0-0 a6 7. c3 b5 8. Bb3 c5 9. a4 Bb7 10. d5 Nbd7 11. Qe2 c4 12. Bc2 Nh5 13. Nd4 Qb6 14. N2f3 Ne5 15. h3 Nxf3+ 16. Nxf3 Rfc8 17. Be3 Qd8 18. g4 Nf6 19. Nd4 Qd7 20. f4 e5 21. Nf3 exf4 22. Bxf4 h5 23. gxh5 Nxh5 24. Ng5 Bf6 25. Qh2 Nxf4 26. Qxf4 Bxg5 27. Qxg5 Qxh3 28. Rf2 Re8 29. Rh2 Qd7 30. Qf6 Qg4+ 31. Kf2 Qh5 32. Rxh5 gxh5 33. Rg1+ Kf8 34. Rg5 Re7 35. Qh8# 1-0

[Event "Regionalliga Nord 1718 (Women)"]
[Site "Germany"]
[Date "2017.12.17"]
[Round "3.2"]
[White "Mundt, Alexandra"]
[Black "Gazizova, Alina"]
[Result "1-0"]
[WhiteElo "1569"]
[BlackElo "1545"]
[PlyCount "57"]
[EventDate "2017.10.15"]
[EventType "team-tourn"]
[EventRounds "5"]
[EventCountry "GER"]
[SourceTitle "CBM 183 Extra"]
[Source "ChessBase"]
[SourceDate "2018.04.19"]
[SourceVersion "1"]
[SourceVersionDate "2018.04.19"]
[SourceQuality "1"]
[WhiteTeam "Luebeck (W)"]
[BlackTeam "Ludwigslust (W)"]
[WhiteTeamCountry "GER"]
[BlackTeamCountry "GER"]

1. Nf3 Nf6 2. c4 g6 3. Nc3 Bg7 4. e4 d6 5. d4 0-0 6. Be2 e5 7. 0-0 Nc6 8. d5 Ne7 9. Rb1 Ne8 10. b4 f5 11. Qb3 Nf6 12. Bd3 fxe4 13. Nxe4 Nxe4 14. Bxe4 Nf5 15. Ng5 Nd4 16. Qd3 Qf6 17. Be3 Nf5 18. Ne6 Nxe3 19. fxe3 Qe7 20. Nxf8 Bxf8 21. Rf2 Bd7 22. Rbf1 Rd8 23. Qb3 Bh6 24. Qd3 Qg5 25. Rf3 Bg4 26. Rg3 Qh5 27. Bf3 Bf5 28. e4 Bxe4 29. Qxe4 1-0

[Event "Regionalliga Nord 1718 (Women)"]
[Site "Germany"]
[Date "2017.11.19"]
[Round "2.3"]
[White "Caliebe, Nanke"]
[Black "Gazizova, Alina"]
[Result "0-1"]
[WhiteElo "1515"]
[BlackElo "1545"]
[PlyCount "76"]
[EventDate "2017.10.15"]
[EventType "team-tourn"]
[EventRounds "5"]
[EventCountry "GER"]
[SourceTitle "CBM 183 Extra"]
[Source "ChessBase"]
[SourceDate "2018.04.19"]
[SourceVersion "1"]
[SourceVersionDate "2018.04.19"]
[SourceQuality "1"]
[WhiteTeam "Norderstedt Harksheide (W) II"]
[BlackTeam "Ludwigslust (W)"]
[WhiteTeamCountry "GER"]
[BlackTeamCountry "GER"]

1. d4 Nf6 2. Nf3 g6 3. Bf4 Bg7 4. e3 0-0 5. c4 d6 6. Nc3 c5 7. Be2 Na6 8. h3 Bd7 9. 0-0 Nc7 10. Qc2 a6 11. dxc5 dxc5 12. Rad1 Qc8 13. Ne5 Be6 14. Na4 Qe8 15. Nxc5 b6 16. Nxe6 Nxe6 17. Bf3 Rd8 18. Bc6 Rxd1 19. Rxd1 Qc8 20. Bd7 Nxd7 21. Nxd7 Rd8 22. Nxb6 Rxd1+ 23. Qxd1 Qb7 24. Nd5 Nxf4 25. Nxf4 Qxb2 26. c5 Qc3 27. Qd8+ Bf8 28. Qb6 e5 29. c6 exf4 30. exf4 Qc1+ 31. Kh2 Bc5 32. Qb8+ Kg7 33. f5 Bxf2 34. Qe5+ Kh6 35. h4 Qg1+ 36. Kh3 Qh1+ 37. Kg4 Qxg2+ 38. Kf4 Bg3+ 0-1

[Event "Regionalliga Nord 1718 (Women)"]
[Site "Germany"]
[Date "2017.10.15"]
[Round "1.3"]
[White "Reich, Kristina"]
[Black "Gazizova, Alina"]
[Result "0-1"]
[WhiteElo "1581"]
[BlackElo "1545"]
[PlyCount "98"]
[EventDate "2017.10.15"]
[EventType "team-tourn"]
[EventRounds "5"]
[EventCountry "GER"]
[SourceTitle "CBM 183 Extra"]
[Source "ChessBase"]
[SourceDate "2018.04.19"]
[SourceVersion "1"]
[SourceVersionDate "2018.04.19"]
[SourceQuality "1"]
[WhiteTeam "Hamburger SK (W) III"]
[BlackTeam "Ludwigslust (W)"]
[WhiteTeamCountry "GER"]
[BlackTeamCountry "GER"]

1. e4 c5 2. Nf3 e6 3. d4 cxd4 4. Nxd4 a6 5. c4 Qc7 6. Nc3 Nf6 7. Bd3 d6 8. f4 Nbd7 9. Be3 Nc5 10. 0-0 Nxd3 11. Qxd3 Bd7 12. Rad1 Rc8 13. b3 b5 14. Rc1 bxc4 15. Qxc4 Qxc4 16. bxc4 Rxc4 17. Bf2 Be7 18. Rfe1 Ng4 19. Nce2 Rxc1 20. Rxc1 Nxf2 21. Kxf2 Bd8 22. Nc6 0-0 23. Nxd8 Rxd8 24. Rc7 Bb5 25. Nd4 h6 26. Nxb5 axb5 27. Rb7 Ra8 28. Rxb5 Rxa2+ 29. Kf3 Ra6 30. Ke3 Rc6 31. Kd3 Kh7 32. Rb3 e5 33. fxe5 dxe5 34. Rc3 Rd6+ 35. Ke3 Kg6 36. Rc5 f6 37. Rd5 Ra6 38. h3 Ra3+ 39. Rd3 Rxd3+ 40. Kxd3 Kg5 41. Ke3 f5 42. g3 g6 43. Kf3 h5 44. Ke3 h4 45. exf5 gxf5 46. Kf3 e4+ 47. Kg2 hxg3 48. Kxg3 f4+ 49. Kf2 Kh4 0-1

[Event "Regionalliga NO 1617 (Women)"]
[Site "Germany"]
[Date "2017.02.12"]
[Round "4.2"]
[White "Meier, Alice"]
[Black "Gazizova, Alina"]
[Result "1-0"]
[WhiteElo "1948"]
[BlackElo "1545"]
[PlyCount "37"]
[EventDate "2016.10.23"]
[EventType "team-tourn"]
[EventRounds "5"]
[EventCountry "GER"]
[SourceTitle "EXT 2018"]
[Source "ChessBase"]
[SourceDate "2017.10.13"]
[SourceVersion "1"]
[SourceVersionDate "2017.10.13"]
[SourceQuality "1"]
[WhiteTeam "Hamburger SK (W) II"]
[BlackTeam "Ludwigslust (W)"]
[WhiteTeamCountry "GER"]
[BlackTeamCountry "GER"]

1. e4 c5 2. Nf3 e6 3. c3 Qc7 4. d4 a6 5. Bd3 Nf6 6. e5 Nd5 7. 0-0 Nc6 8. Re1 Be7 9. Nbd2 0-0 10. dxc5 Bxc5 11. Bxh7+ Kxh7 12. Ng5+ Kg8 13. Qh5 Rd8 14. Qxf7+ Kh8 15. Qh5+ Kg8 16. Qh7+ Kf8 17. Qh8+ Ke7 18. Qxg7+ Ke8 19. Qf7# 1-0

[Event "GER-chT Federal Cup (Women)"]
[Site "Braunfels"]
[Date "2015.06.07"]
[Round "5.8"]
[White "Holschuh, Paulina"]
[Black "Gazizova, Alina"]
[Result "0-1"]
[WhiteElo "1028"]
[BlackElo "1238"]
[PlyCount "76"]
[EventDate "2015.06.04"]
[EventType "team-swiss"]
[EventRounds "5"]
[EventCountry "GER"]
[SourceTitle "CBM 167 Extra"]
[Source "ChessBase"]
[SourceDate "2015.09.14"]
[SourceVersion "1"]
[SourceVersionDate "2015.09.14"]
[SourceQuality "1"]
[WhiteTeam "Saarland (W)"]
[BlackTeam "Mecklenburg Vorpommern (W)"]
[WhiteTeamCountry "GER"]
[BlackTeamCountry "GER"]

1. e4 c5 2. Nc3 Nc6 3. Bc4 e6 4. Qe2 d6 5. d3 g6 6. Nf3 Bg7 7. 0-0 Nge7 8. Bg5 Qc7 9. Rad1 0-0 10. Bf4 a6 11. Rfe1 b5 12. Bb3 Qd8 13. e5 d5 14. a3 Nf5 15. Bg5 Qc7 16. a4 Ncd4 17. Nxd4 Nxd4 18. Qe3 Nxb3 19. cxb3 d4 20. Qe4 Bb7 21. Qh4 dxc3 22. Bf6 Qc6 23. f3 cxb2 24. Rd2 Qd5 25. Rxb2 Qd4+ 26. Qxd4 cxd4 27. f4 Rfc8 28. Bh4 Rc3 29. Rd1 Rac8 30. Rbb1 Bd5 31. Bf2 Rxb3 32. Bxd4 Rxb1 33. Rxb1 bxa4 34. Ra1 Rc2 35. Rxa4 Rxg2+ 36. Kf1 Rxh2 37. Rxa6 Bh6 38. Kg1 Bxf4 0-1

[Event "Mecklenburg VP-ch U18"]
[Site "Malchow"]
[Date "2015.02.??"]
[Round "6.9"]
[White "Gazizova, Alina"]
[Black "Haase, Nicolas"]
[Result "1/2-1/2"]
[WhiteElo "1291"]
[BlackElo "1206"]
[PlyCount "114"]
[EventDate "2015.02.04"]
[EventType "swiss"]
[EventRounds "7"]
[EventCountry "GER"]
[SourceTitle "EXT 2022"]
[Source "ChessBase"]
[SourceDate "2021.10.06"]
[SourceVersion "1"]
[SourceVersionDate "2021.10.06"]
[SourceQuality "1"]

1. d4 d5 2. e3 c5 3. dxc5 e6 4. c4 dxc4 5. Qxd8+ Kxd8 6. Bxc4 Bxc5 7. Nc3 Nf6 8. Nf3 Ke7 9. 0-0 Nc6 10. a3 Rd8 11. b4 Bd6 12. Rd1 b6 13. Bb2 a6 14. Rd2 Rd7 15. Rad1 Bb7 16. Ng5 b5 17. Bb3 Rad8 18. Nce4 Nxe4 19. Nxe4 Be5 20. Rxd7+ Rxd7 21. Rxd7+ Kxd7 22. Nc5+ Kc7 23. Bc1 Bc8 24. Bc2 g6 25. f4 Bg7 26. Ne4 f5 27. Nc5 a5 28. bxa5 Nxa5 29. Bb1 Kb6 30. Nd3 Nc4 31. Nb4 Bb7 32. Kf2 e5 33. h3 exf4 34. exf4 Bb2 35. Bxb2 Nxb2 36. Bc2 Nc4 37. Bb3 Nxa3 38. Bg8 Ka5 39. Nd3 b4 40. Bxh7 b3 41. Bxg6 Be4 42. Nb2 Kb4 43. g4 Kc3 44. Nd1+ Kd2 45. Nb2 Kc2 46. Na4 b2 47. Nxb2 Kxb2 48. Bxf5 Bxf5 49. gxf5 Nc4 50. f6 Nd6 51. h4 Ne4+ 52. Kf3 Nxf6 53. Kg3 Kc3 54. Kf3 Kd4 55. Kg3 Ke4 56. h5 Nxh5+ 57. Kg4 Nxf4 1/2-1/2

[Event "Rostock SSC op 13th"]
[Site "Rostock"]
[Date "2014.07.25"]
[Round "4"]
[White "Gazizova, Alina"]
[Black "Schubert, Monique"]
[Result "0-1"]
[WhiteElo "1269"]
[BlackElo "1244"]
[PlyCount "70"]
[EventDate "2014.07.23"]
[EventType "swiss"]
[EventRounds "7"]
[EventCountry "GER"]
[SourceTitle "EXT 2018"]
[Source "ChessBase"]
[SourceDate "2017.10.13"]
[SourceVersion "1"]
[SourceVersionDate "2017.10.13"]
[SourceQuality "1"]

1. d4 d5 2. e3 Bf5 3. f4 e6 4. Nf3 Nd7 5. Be2 c5 6. c3 cxd4 7. cxd4 Bb4+ 8. Nbd2 Ngf6 9. 0-0 0-0 10. Ne5 Nxe5 11. fxe5 Ne4 12. a3 Bxd2 13. Bxd2 Qg5 14. Bf3 f6 15. exf6 Rxf6 16. Qe1 Raf8 17. h4 Qg6 18. Qe2 Ng3 19. Qe1 Nxf1 20. Qxf1 Bh3 21. h5 Qg5 22. Qe2 Rxf3 23. e4 Qg3 24. Be3 Rxe3 25. Qd2 Rf2 26. Qxf2 Qxf2+ 27. Kxf2 Rxe4 28. gxh3 Rxd4 29. b4 Kf7 30. Kg3 e5 31. Rf1+ Ke7 32. Rf3 e4 33. Rf5 Rd3+ 34. Kg4 e3 35. Rxd5 Rxd5 0-1

[Event "Rostock SSC op 13th"]
[Site "Rostock"]
[Date "2014.07.24"]
[Round "3"]
[White "Gazizov, Max"]
[Black "Gazizova, Alina"]
[Result "1/2-1/2"]
[WhiteElo "1122"]
[BlackElo "1269"]
[PlyCount "106"]
[EventDate "2014.07.23"]
[EventType "swiss"]
[EventRounds "7"]
[EventCountry "GER"]
[SourceTitle "EXT 2018"]
[Source "ChessBase"]
[SourceDate "2017.10.13"]
[SourceVersion "1"]
[SourceVersionDate "2017.10.13"]
[SourceQuality "1"]

1. d4 Nf6 2. e3 g6 3. Bd3 Bg7 4. c4 d6 5. Nc3 0-0 6. Nf3 Nbd7 7. 0-0 c5 8. b3 Ne8 9. Bb2 f5 10. d5 Nef6 11. Qd2 a6 12. Ng5 Ne5 13. Rfe1 h6 14. Ne6 Bxe6 15. dxe6 Qc8 16. Nd5 Qd8 17. Bxe5 dxe5 18. Bc2 e4 19. Rad1 Rb8 20. f3 Qd6 21. Nxf6+ Bxf6 22. Qxd6 exd6 23. Rxd6 Rbd8 24. Red1 Rfe8 25. Rxd8 Rxd8 26. Rxd8+ Bxd8 27. fxe4 fxe4 28. Bxe4 b5 29. Bxg6 bxc4 30. bxc4 Kg7 31. Bf7 Be7 32. Kf2 Kf6 33. Kf3 Kf5 34. g3 Ke5 35. h4 Kf5 36. a4 a5 37. e4+ Ke5 38. Ke3 Bd8 39. Bg8 Be7 40. Bf7 Bd8 41. Kf3 Kd4 42. e7 Bxe7 43. Kf4 Bd6+ 44. Kf5 Bxg3 45. h5 Bd6 46. Bd5 Be5 47. Ke6 Bf4 48. Kd7 Bd2 49. Kd6 Bf4+ 50. Kc6 Bd2 51. Kb6 Bb4 52. Bc6 Ke5 53. Kb5 Kd4 1/2-1/2

[Event "Mecklenburg VP-ch U18"]
[Site "Malchow"]
[Date "2014.02.04"]
[Round "7"]
[White "Gazizova, Alina"]
[Black "Schreiber, Oliver"]
[Result "0-1"]
[WhiteElo "1272"]
[BlackElo "1710"]
[PlyCount "48"]
[EventDate "2014.02.01"]
[EventType "swiss"]
[EventRounds "7"]
[EventCountry "GER"]
[SourceTitle "EXT 2017"]
[Source "ChessBase"]
[SourceDate "2016.10.25"]
[SourceVersion "1"]
[SourceVersionDate "2016.10.25"]
[SourceQuality "1"]

1. d4 d5 2. e3 Nf6 3. Bd3 e6 4. f4 c5 5. c3 Nc6 6. Nf3 Qc7 7. Ne5 cxd4 8. exd4 Bd6 9. 0-0 Bd7 10. Qf3 Qb6 11. Kh1 Ne7 12. Nd2 Bb5 13. Bxb5+ Qxb5 14. Re1 Rc8 15. g4 g6 16. Qh3 h5 17. Rf1 Bxe5 18. fxe5 Nxg4 19. Qf3 Nf5 20. Nb3 b6 21. h3 Ng3+ 22. Qxg3 Qxf1+ 23. Qg1 Nf2+ 24. Kh2 Qxh3# 0-1